| 000 | 00896nam a2200265Ia 4500 | ||
|---|---|---|---|
| 001 | 11034 | ||
| 003 | GE_BSU | ||
| 008 | 181216s||||||||xx |||||||||||||| ||und|| | ||
| 020 | _a9785238017699 | ||
| 040 | _cGE_BSU | ||
| 080 | _a35.08(470+571)(075.8) | ||
| 100 | _aЧерепанов,Виктор Вениаминович. | ||
| 245 | _aОсновы государственной службы и кадровой политики. | ||
| 245 | _bУчебник для студентов. | ||
| 245 | _cРед.Т.М.Дубович. | ||
| 250 | _a2-е изд.перераб.и доп. | ||
| 260 | _aМосква | ||
| 260 | _bЮнити-Дана | ||
| 260 | _c2014. | ||
| 300 | _a679стр,22см. | ||
| 300 | _eБиблиогр:с.669-674. | ||
| 541 | _h55л. | ||
| 653 | _aОсновы государственной службы и кадровой политики. | ||
| 942 | _cBK | ||
| 999 |
_c44276 _d44276 |
||